| 000 | 00738cam a2200205 4500 | ||
|---|---|---|---|
| 001 | WB3636-10 | ||
| 008 | 000000n2000 000 0 eng u | ||
| 035 | _a(Sirsi) u108292 | ||
| 245 | _aVictory for Battersea conversion | ||
| 260 | _c2000 | ||
| 490 |
_aRetail Week _v 8 September 2000, 21(1) |
||
| 520 | _aAfter a five-year battle, developer Parkview International has won the approval of Wandsworth LBC in south London to convert Battersea Power Station into a retail and leisure destination as big as Bluewater. | ||
| 590 | _aWB | ||
| 650 | _aBATTERSEA POWER STATION | ||
| 650 | _aWANDSWORTH LBC | ||
| 650 | _aPARKVIEW INTERNATIONAL | ||
| 650 | _aRETAIL DEVELOPMENT | ||
| 690 | _aPROPERTY-PROPERTY DEVELOPMENT | ||
| 942 | _n0 | ||
| 999 |
_c64649 _d64649 |
||